000 01585nam a2200313 c 4500
003 BLK
005 20180420213731.0
008 180412b bul|||||r ||||||| ||bul||
010 _aKNG00004905000
020 _a954-8415-18-6
_bиздат.: Делакорт
040 _aBLK
041 _aBUL
_cBUL
080 _aАмериканска литература (на САЩ)
_b821.111(73)
_x-32
_z821.111(73)-32
080 _aАмериканска литература (на САЩ)
_b821.111(73)
_x-31
_z821.111(73)-31
700 1 _aБаждарова, Меглена Димитрова
_eпрев. от англ.
_9247814
139 _aУбийството е моят бизнес
_bУ 17
245 1 0 _aУбийството е моят бизнес
_bКримин. разкази
_cпрев. от англ. Меглена Димитрова Баждарова.
257 _aUSA
260 София
_bДелакорт
_c1994
_fВ. Търново : Абагар
300 _a320 с.
_c20 см
380 _aX
490 1 _aАмериканска криминална класика
_v6
500 _aОриг. загл. Murder is my Business / Mickey Spilane and Max Allan Collins. - Други прев.: М. Бояджиева, Кл. Моев, Г. Димитрова, Вл. Германов. -Офс. изд. - 5 000 тир. - Съдържа и Всички ме гледат : Роман / Мики Спилейн
852 _aЦб 178247
856 4 _qpdf
_u
856 4 _qpdf
_u
942 _cKNG
_n0
944 _aCR
_c15.01.2003
_kГеновева_Генчева
944 _aED
_c17.05.2005
_k
999 _c3788
_d3788